000 00745nam a22002417a 4500
003 dpl
005 20170124105941.0
008 161212b xxu||||| |||| 00| 0 eng d
010 _aA-791578
020 _c120.00
_a8170060508
035 _aA-791578
037 _bCen Lib/Ret
040 _aDPL
_bEN
_cTIT
082 _a338.954
_bRAJ
100 _aRajeev, P. V
_96537
245 _aEconomic reforms and beyond /
_cby P. V. Rajeev
260 _aNew Delhi
_bAsian Publishing Services
_c1996
270 _a243, Defence Colony Flyover Market
_bNew Delhi
_e110024
300 _avi,96
_c20cmHb)
650 _aStructural adjustment (Economic policy)
_911380
650 _aEconomic history
_96496
942 _2ddc
_cEN
_h338.954
_mRAJ
999 _c124615
_d124615